<?xml version="1.0" encoding="UTF-8"?>
<record
    xmlns:xsi="http://www.w3.org/2001/XMLSchema-instance"
    xsi:schemaLocation="http://www.loc.gov/MARC21/slim http://www.loc.gov/standards/marcxml/schema/MARC21slim.xsd"
    xmlns="http://www.loc.gov/MARC21/slim">

  <leader>01116nam a2200301 i 4500</leader>
  <controlfield tag="001">000000048189</controlfield>
  <controlfield tag="003">IT-MiSPE</controlfield>
  <controlfield tag="005">20250226122524.0</controlfield>
  <controlfield tag="008">031005s1971    xx            000 b ita c</controlfield>
  <datafield tag="040" ind1=" " ind2=" ">
    <subfield code="a">IT-MiSPE</subfield>
    <subfield code="b">ita</subfield>
    <subfield code="c">IT-MiSPE</subfield>
  </datafield>
  <datafield tag="041" ind1=" " ind2=" ">
    <subfield code="a">ita</subfield>
    <subfield code="h">ger</subfield>
  </datafield>
  <datafield tag="082" ind1=" " ind2=" ">
    <subfield code="a">226.3-Mc SCH ed (ppv 23359)</subfield>
  </datafield>
  <datafield tag="100" ind1="1" ind2=" ">
    <subfield code="a">Schweizer, Eduard,</subfield>
    <subfield code="d">1913-2006.</subfield>
    <subfield code="e">autore</subfield>
    <subfield code="9">61700</subfield>
  </datafield>
  <datafield tag="240" ind1="1" ind2="0">
    <subfield code="a">Das Evangelium nach Marcus</subfield>
  </datafield>
  <datafield tag="245" ind1="1" ind2="3">
    <subfield code="a">Il Vangelo secondo Marco.</subfield>
    <subfield code="c">Commento di Eduard Schweizer. Traduzione italiana di Bruno Corsani.</subfield>
  </datafield>
  <datafield tag="250" ind1=" " ind2=" ">
    <subfield code="a">edizione italiana a cura di F. Ronchi e O. Soffritti</subfield>
  </datafield>
  <datafield tag="260" ind1=" " ind2=" ">
    <subfield code="a">Brescia :</subfield>
    <subfield code="b">Paideia,</subfield>
    <subfield code="c">1971.</subfield>
  </datafield>
  <datafield tag="300" ind1=" " ind2=" ">
    <subfield code="a">421 p. ;</subfield>
    <subfield code="c">21,5 cm</subfield>
  </datafield>
  <datafield tag="490" ind1="1" ind2=" ">
    <subfield code="a">Nuovo Testamento ;</subfield>
    <subfield code="v">001</subfield>
  </datafield>
  <datafield tag="500" ind1=" " ind2=" ">
    <subfield code="a">Tit. orig.: Das Evangelium nach Marcus</subfield>
  </datafield>
  <datafield tag="630" ind1=" " ind2=" ">
    <subfield code="a">Biblia.</subfield>
    <subfield code="v">N.T.</subfield>
    <subfield code="x">Evang. sec. Marcum</subfield>
    <subfield code="9">61701</subfield>
  </datafield>
  <datafield tag="655" ind1="0" ind2="7">
    <subfield code="a">Sacra Scrittura. Studi sul Nuovo Testamento</subfield>
    <subfield code="x">Collane - Varia.</subfield>
    <subfield code="2">local</subfield>
    <subfield code="9">61702</subfield>
  </datafield>
  <datafield tag="655" ind1="0" ind2="7">
    <subfield code="a">Sacra Scrittura. Studi sul Nuovo Testamento</subfield>
    <subfield code="x">Marco.</subfield>
    <subfield code="2">local</subfield>
  </datafield>
  <datafield tag="700" ind1=" " ind2=" ">
    <subfield code="a">Corsani, Bruno,</subfield>
    <subfield code="e">tr.</subfield>
    <subfield code="9">61703</subfield>
  </datafield>
  <datafield tag="830" ind1=" " ind2="0">
    <subfield code="a">Nuovo Testamento ;</subfield>
    <subfield code="v">001.</subfield>
    <subfield code="9">60839</subfield>
  </datafield>
  <datafield tag="942" ind1=" " ind2=" ">
    <subfield code="2">ddc</subfield>
    <subfield code="c">BK</subfield>
  </datafield>
  <datafield tag="999" ind1=" " ind2=" ">
    <subfield code="c">360403</subfield>
    <subfield code="d">360403</subfield>
  </datafield>
  <datafield tag="952" ind1=" " ind2=" ">
    <subfield code="0">0</subfield>
    <subfield code="1">0</subfield>
    <subfield code="2">ddc</subfield>
    <subfield code="4">0</subfield>
    <subfield code="6">226_000000000000000_3MC_SCH_ED_PPV_23359</subfield>
    <subfield code="7">1</subfield>
    <subfield code="a">CINISELLO</subfield>
    <subfield code="b">CINISELLO</subfield>
    <subfield code="d">2025-02-26</subfield>
    <subfield code="l">0</subfield>
    <subfield code="o">226.3-Mc SCH ed (ppv 23359)</subfield>
    <subfield code="r">2025-02-26 12:23:07</subfield>
    <subfield code="t">1</subfield>
    <subfield code="w">2025-02-26</subfield>
    <subfield code="y">BK</subfield>
  </datafield>
</record>
